000 00821nam a2200241Ia 4500
003 BUBTL
008 151213s9999 xx 000 0 und d
020 _a9840736965
041 _aবাংলা
082 _2১ম সং
_a342.06/ R1293p/ 1997
100 _aরহমান, গাজী শামছুর
_95292
245 _aপ্রশাসনিক আইনের ভাষ্য/
_cগাজী শামছুর রহমান
250 _a১ম সং
260 _aঢাকা
_bবাংলা একাডেমী
_cc1997
300 _a[19], 510 p. :
_bill. ; 21 cm.
526 _aLaw
650 _aLaw
650 _a
700 _aগাজী শামছুর রহমান
_94214
856 _k0
_l0
_yDownload
942 _2ddc
_cBK
999 _c3125
_d3125